Giggs Discography - Statistics

General Stats
  • This quiz has been taken 8 times
    3 since last reset
  • The average score is 5 of 23
Answer Stats
Year Name Type % Correct
2016 Landlord Album
100%
2017 Wamp 2 Dem Mixtape
100%
2007 Ard Bodied Collaborative Mixtape
50%
2019 BIG BAD... Album
50%
2007 Hollowman Meets Blade Collaborative Mixtape
50%
2008 Walk in da Park Album
50%
2013 When Will It Stop Album
50%
2009 Another Quick One Mixtape
0%
2008 Best of Giggs 2 Mixtape
0%
2010 Best of Giggs 3 Mixtape
0%
2013 Best of Giggs 4 Mixtape
0%
2018 Best of Giggs 5 Mixtape
0%
2006 Best of Giggs (The Real Meaning) Mixtape
0%
2005 Bloody Raw Mixtape
0%
2011 Every Angle Friday Mixtape
0%
2006 Hollow Grind Collaborative Mixtape
0%
2010 Leave Em Ave It Album
0%
2006 SN1 - The Beginning Collaborative Mixtape
0%
2014 STR8 Murkin Mixtape
0%
2011 Take Your Hats Off Mixtape
0%
2011 The Final Straw Mixtape
0%
2015 The SN1 Folder Mixtape
0%
2009 Who Said That? Mixtape
0%
No matching quizzes found
Score Distribution
Percent of People with Each Score
Percentile by Number Answered
Your Score History
You have not taken this quiz since the last reset